Normal view
MARC view
- Viscount Samuel
Entry Personal Name
001 - CONTROL NUMBER
- control field: 109600
003 - CONTROL NUMBER IDENTIFIER
- control field: NUST
005 - DATE AND TIME OF LATEST TRANSACTION
- control field: 20230227131558.0
008 - FIXED-LENGTH DATA ELEMENTS
- fixed length control field: 230227|| aca||aabn | a|a d
040 ## - CATALOGING SOURCE
- Original cataloging agency: NUST
- Transcribing agency: NUST
100 ## - HEADING--PERSONAL NAME
- Personal name: Viscount Samuel
670 ## - SOURCE DATA FOUND
- Source citation: Work cat.: (NUST)193806: Viscount Samuel, Practical Ethics /, 1945
